000 01089nam a22002537a 4500
005 20180518100217.0
008 140404t2012 ko ado gr|||| 00| 0 eng d
020 _a9788997462476
041 _aeng
082 _a595.7
_bSK842e
110 1 _aSouth Korea
_bMinistry of Environment
_923385
242 1 0 _aEspecies endémicas de Korea
_cMinisterio de Ambiente, Instituto Nacional de Recursos Biologicos
_yspa
245 1 0 _aEndemic Species of Korea
_cMinistry of Environment, National Institute of Biological Resources
260 3 _aSeoul
_bNational Institute of Biological Resources
_c2012
300 _a496 p.
_bil., fot., tablas, gráficas
_c23 cm
590 _a242 traducción por la agencia catalogadora
650 4 _aInsectos
_vEstudio
_xFauna
_zKorea
_923386
650 4 _aAnfibios
_vEstudio
_xFauna
_zKorea
_923387
650 4 _aPeces
_vEstudio
_xFauna
_zKorea
_923388
650 4 _aFauna
_vEstudio
_xConservación
_zKorea
_923389
650 4 _aFlora
_vEstudio
_xConservación
_zKorea
_923390
710 2 _923391
_aNational Institute of Biological Resources
_c(Corea del Sur)
942 _2ddc
_cImpreso
999 _c8355
_d8355